000 00879nam a2200217 ar4500
001 3995
005 20221127090845.0
008 141019s su a 00010|ara d
020 _a9786039040811
082 0 4 _a378.103
_bأ600
245 0 0 _aاسهامات جامعة جازان في التنمية المحلية 1433-2012 /
_c[دراسة] حسن الحازمي ...(واخ).
250 _aط. 1.
260 _aجازان :
_bجامعة جازان،
_c2013[1434].
300 _a158 ص. :
_bايض. لون ؛
_c24 سم.
504 _aيتضمن ارجاعات ببليوجرافية.
610 0 4 _aجامعة جازان.
650 4 _aالجامعات والكليات
_zالسعودية.
650 4 _aالجامعات والكليات
_xاسماء.
650 4 _aالجامعات والكليات
_xاغراضه واهدافه.
700 0 _aالحازمي، حسن بن حجاب.
999 _c3993
_d3993